Klinická prax z perspektívy pacienta

Bibliographic Details
Main Author: Husárová, Daniela, 1987- (Author)
Other Authors: Dubayová, Tatiana, 1975- (Reviewer), Greškovičová, Katarína, 1979- (Reviewer)
Format: Book
Language:Slovak
PhysicalDescription:80 strán schémy, tabuľky 30 cm
Published: Košice ŠafárikPress 2025
ISBN:9788057403807
Edition:Vydanie: prvé
Series:Vysokoškolské učebné texty
Subjects:

MARC

LEADER 00000cam a2200000 4500
001 vtls012274414
003 SK-MaSNL
005 20260301232119.0
008 250401s2025 xo al f np 000 0 slo
015 |a SNBA2025/06 
020 |a 9788057403807  |q (brožované) 
040 |a SNK  |b slo  |c SNK  |e rda 
041 0 |a slo 
044 |a xo  |c SK 
072 7 |a 37.016  |x Učebné osnovy. Vyučovacie predmety. Učebnice  |2 konspekt 
072 7 |a 616  |x Patológia. Klinická medicína  |2 konspekt 
080 |a 614.2  |2 2011 
080 |a 614.253  |2 2011 
080 |a 616-052  |2 2011 
080 |a (075.8)  |2 2011 
100 1 |a Husárová, Daniela,  |d 1987-  |4 aut  |9 224299 
245 1 0 |a Klinická prax z perspektívy pacienta  |c Daniela Husárová 
246 1 |i Podnázov z tiráže:  |a vysokoškolský učebný text 
250 |a Vydanie: prvé 
264 1 |a Košice  |b ŠafárikPress  |c 2025 
300 |a 80 strán  |b schémy, tabuľky  |c 30 cm 
336 |a text  |b txt  |2 rdacontent 
337 |a bez média  |b n  |2 rdamedia 
338 |a zväzok  |b nc  |2 rdacarrier 
366 |e 50 kusov 
490 1 |a Vysokoškolské učebné texty 
500 |a Na titulnom liste nad názvom: Univerzita Pavla Jozefa Šafárika v Košiciach, Lekárska fakulta, Centrum medicínskeho vzdelávania 
504 |a Obsahuje bibliografiu 
650 0 7 |a zdravotná starostlivosť  |2 SNKPH  |9 1303 
650 0 7 |a lekár a pacient  |2 SNKPH  |9 86768 
650 0 7 |a pacienti  |2 SNKPH  |9 19592 
650 0 7 |a zdravotný stav  |2 SNKPH  |9 285620 
650 0 7 |a Health care  |2 SNKPHeng  |9 266508 
650 0 7 |a Patients  |2 SNKPHeng  |9 266509 
650 0 7 |a Physician and patient  |2 SNKPHeng  |9 90897 
655 7 |a učebnice vysokých škôl  |2 SNKPH  |9 70191 
655 7 |a Textbooks (higher)  |2 SNKPHeng  |9 276436 
700 1 |a Dubayová, Tatiana,  |d 1975-  |4 rev  |9 224130 
700 1 |a Greškovičová, Katarína,  |d 1979-  |4 rev  |9 257973 
710 2 |a Univerzita Pavla Jozefa Šafárika v Košiciach.  |b Lekárska fakulta.  |b Centrum medicínskeho vzdelávania  |4 pbl  |9 252897 
810 2 |a Univerzita Pavla Jozefa Šafárika v Košiciach.  |b Lekárska fakulta.  |b Centrum medicínskeho vzdelávania  |t Vysokoškolské učebné texty  |9 625253 
852 |a Slovenská národná knižnica 
919 |a 978-80-574-0380-7 
954 |a odborná, vedecká literatúra pôvodná (slovenská)  |2 lita 
958 |a NB 
958 |a MI 
999 |c 960474  |d 962404 
952 |a SNK  |b SNK  |y PREZ  |7 0  |p 17A1562532  |o snkSB 101500  |i snk2025/6186  |8 0  |0 0  |1 0  |4 0  |d 2025-04-09  |f 1  |l 0  |r 2026-02-24 10:17:21  |w 2026-02-24